| 000 | 00497nam a2200157 i 4500 | ||
|---|---|---|---|
| 001 | 98085 | ||
| 003 | ES-MaACL | ||
| 005 | 20230906182220.0 | ||
| 007 | t| | ||
| 008 | 050722s1943 sp ||||1| spa d | ||
| 100 | 1 |
_aMarrades, Pedro. _977058 |
|
| 245 | 1 | 3 |
_aEl camino del Imperio _b: notas para el estudio de la cuestión de la Valtelina / _cpor Pedro Marrades. |
| 260 |
_aMadrid : _bEspasa-Calpe, _c1943. |
||
| 300 |
_a198 p., 6 lám. : _b1 map. ; _c23 cm. |
||
| 852 |
_aES-MaACL _jC-5414 _bR.25653 |
||
| 999 |
_c98085 _d98085 |
||